| 000 | | | 04286nmc2a22000003x 450 |
| 001 | | | ec710aba-6e5d-42df-992f-68fb4711f158 |
| 005 | | | 20181015201040.0 |
| 100 | ## | $a | 20161007l18491853k l0rusy0189 ca |
| 101 | 0# | $a | rus |
| 102 | ## | $a | RU |
| 200 | 1# | $a | Дело по жалобе мещанина Виноградова по делу его с корнетом Балком о деньгах |
| | $j | ноябрь 1849 г. - 12 декабря 1853 г. |
| 251 | ## | $c | Дело |
| 300 | ## | $a | Дело |
| 300 | ## | $a | Ориг. заголовок дела: Дело по жалобе Тверского мещанина Льва Виноградова на медленность во взыскании следующих ему с боровичского помещика корнета Ивана Балка за произведенные им плотничные работы денег. 28 ноября 1849 г. - 12 декабря 1853 г |
| 801 | #0 | $a | RU |
| | $b | РГИА |
| | $c | 20161007 |
| | $g | RCR |
| 801 | #1 | $a | RU |
| | $b | ГлавНИВЦ |
| | $c | 20161007 |
| | $2 | rusmarc |
| 801 | #2 | $a | RU |
| | $b | ПБ им. Б.Н. Ельцина |
| | $c | 20181015 |
| | $g | RCR |
| | $2 | rusmarc |
| 850 | ## | $a | РГИА |
| 852 | ## | $a | РГИА |
| | $e | Федеральное казенное учреждение "Российский государственный исторический архив" (РГИА) |
| | $j | 2198 |
| 937 | ## | $h | РГИА |
| | $d | 12217367 |
| | $a | ASBIBLIO_SCAN |
| 462 | #0 | $1 | 0011f2612a5-dcc7-4853-9c3b-606260869072 |
| | $1 | 2001 |
| | $a | 1848-1849 гг. Дела Департамента полиции исполнительной МВД за 1849 г. |
| | $1 | 251 |
| | $c | Опись |
| | $1 | 852 |
| | $j | 11 |
| 461 | #0 | $1 | 0013e300ed0-cd39-49af-8489-5ba5b90fa401 |
| | $1 | 2001 |
| | $a | Департамент полиции исполнительной МВД |
| | $1 | 251 |
| | $c | Фонд |
| | $1 | 852 |
| | $j | 1286 |
| 215 | ## | $a | 15 л. |
| | $d | 36,5х26 см |
| 371 | ## | $a | Документ не является опубликованным и широко распространяемым |
| 105 | ## | $a | y### |
| 122 | 2# | $a | d |
| 517 | 1# | $a | Дело по жалобе Тверского мещанина Льва Виноградова на медленность во взыскании следующих ему с боровичского помещика корнета Ивана Балка за произведенные им плотничные работы денег. 28 ноября 1849 г. - 12 декабря 1853 г |
| 035 | ## | $a | ec710aba-6e5d-42df-992f-68fb4711f158 |
| 856 | ## | $u | http://readingroom.main.prlib.ru/item.aspx?id_node=n119348703&mode=full |